Phân tích kinh tế nông nghiệp/
.
Đã lưu trong:
| Tác giả chính: | |
|---|---|
| Định dạng: | Sách |
| Năm xuất bản: |
H.:
Nông nghiệp,
1996.-
|
| Chủ đề: | |
| Tags: |
Thêm thẻ
Không có thẻ, Hãy là người đầu tiên gắn thẻ bản ghi này!
|
| LEADER | 03361nam a2200313 4500 | ||
|---|---|---|---|
| 082 | |a 338.1 |b PH 104 TH | ||
| 100 | |a Phạm Thị Mỹ Dung | ||
| 245 | |a Phân tích kinh tế nông nghiệp/ |c Phạm Thị Mỹ Dung | ||
| 260 | |a H.: |b Nông nghiệp, |c 1996.- | ||
| 300 | |a 164tr.; |c 27cm | ||
| 520 | |a . | ||
| 653 | |a Kinh tế%Kinh tế nông nghiệp%phân tích | ||
| 942 | |2 ddc |c STK0 | ||
| 999 | |c 5947 |d 5947 | ||
| 952 | |0 0 |1 0 |2 ddc |4 0 |6 338_100000000000000_PH_104_TH |7 0 |8 300 |9 54465 |a qbu |b qbu |c D2 |d 2015-01-06 |g 35000 |o 338.1 PH 104 TH |p 6358.C1 |r 0000-00-00 |w 2015-01-06 |y STK0 |0 0 |6 338_100000000000000_PH_104_TH | ||
| 952 | |0 0 |1 0 |2 ddc |4 0 |6 338_100000000000000_PH_104_TH |7 0 |8 300 |9 54466 |a qbu |b qbu |c D2 |d 2015-01-06 |g 35000 |o 338.1 PH 104 TH |p 6358.C2 |r 0000-00-00 |w 2015-01-06 |y STK0 |0 0 |6 338_100000000000000_PH_104_TH | ||
| 952 | |0 0 |1 0 |2 ddc |4 0 |6 338_100000000000000_PH_104_TH |7 0 |8 300 |9 54467 |a qbu |b qbu |c D2 |d 2015-01-06 |g 35000 |o 338.1 PH 104 TH |p 6358.C3 |r 0000-00-00 |w 2015-01-06 |y STK0 |0 0 |6 338_100000000000000_PH_104_TH | ||
| 952 | |0 0 |1 0 |2 ddc |4 0 |6 338_100000000000000_PH_104_TH |7 0 |8 300 |9 54468 |a qbu |b qbu |c D2 |d 2015-01-06 |g 35000 |o 338.1 PH 104 TH |p 6358.C4 |r 0000-00-00 |w 2015-01-06 |y STK0 |0 0 |6 338_100000000000000_PH_104_TH | ||
| 952 | |0 0 |1 0 |2 ddc |4 0 |6 338_100000000000000_PH_104_TH |7 0 |8 300 |9 54469 |a qbu |b qbu |c D2 |d 2015-01-06 |g 35000 |o 338.1 PH 104 TH |p 6358.C5 |r 0000-00-00 |w 2015-01-06 |y STK0 |0 0 |6 338_100000000000000_PH_104_TH | ||
| 952 | |0 0 |1 0 |2 ddc |4 0 |6 338_100000000000000_PH_104_TH |7 0 |8 300 |9 54470 |a qbu |b qbu |c D2 |d 2015-01-06 |g 35000 |o 338.1 PH 104 TH |p 6358.C6 |r 0000-00-00 |w 2015-01-06 |y STK0 |0 0 |6 338_100000000000000_PH_104_TH | ||
| 952 | |0 0 |1 0 |2 ddc |4 0 |6 338_100000000000000_PH_104_TH |7 0 |8 300 |9 54471 |a qbu |b qbu |c D2 |d 2015-01-06 |g 35000 |o 338.1 PH 104 TH |p 6358.C7 |r 0000-00-00 |w 2015-01-06 |y STK0 |0 0 |6 338_100000000000000_PH_104_TH | ||
| 952 | |0 0 |1 0 |2 ddc |4 0 |6 338_100000000000000_PH_104_TH |7 0 |8 300 |9 54472 |a qbu |b qbu |c D2 |d 2015-01-06 |g 35000 |o 338.1 PH 104 TH |p 6358.C8 |r 0000-00-00 |w 2015-01-06 |y STK0 |0 0 |6 338_100000000000000_PH_104_TH | ||
| 952 | |0 0 |1 0 |2 ddc |4 0 |6 338_100000000000000_PH_104_TH |7 0 |8 300 |9 54473 |a qbu |b qbu |c D2 |d 2015-01-06 |g 35000 |o 338.1 PH 104 TH |p 6358.C9 |r 0000-00-00 |w 2015-01-06 |y STK0 |0 0 |6 338_100000000000000_PH_104_TH | ||
| 952 | |0 0 |1 0 |2 ddc |4 0 |6 338_100000000000000_PH_104_TH |7 0 |8 300 |9 54474 |a qbu |b qbu |c D2 |d 2015-01-06 |g 35000 |o 338.1 PH 104 TH |p 6358.C10 |r 0000-00-00 |w 2015-01-06 |y STK0 |0 0 |6 338_100000000000000_PH_104_TH | ||
| 952 | |0 0 |1 0 |2 ddc |4 0 |6 338_100000000000000_PH_104_TH |7 0 |8 300 |9 54475 |a qbu |b qbu |c D2 |d 2015-01-06 |g 35000 |o 338.1 PH 104 TH |p 6358.C11 |r 0000-00-00 |w 2015-01-06 |y STK0 |0 0 |6 338_100000000000000_PH_104_TH | ||
| 952 | |0 0 |1 0 |2 ddc |4 0 |6 338_100000000000000_PH_104_TH |7 0 |8 300 |9 54476 |a qbu |b qbu |c D2 |d 2015-01-06 |g 35000 |o 338.1 PH 104 TH |p 6358.C12 |r 0000-00-00 |w 2015-01-06 |y STK0 |0 0 |6 338_100000000000000_PH_104_TH | ||
| 952 | |0 0 |1 0 |2 ddc |4 0 |6 338_100000000000000_PH_104_TH |7 0 |8 300 |9 54477 |a qbu |b qbu |c D2 |d 2015-01-06 |g 35000 |o 338.1 PH 104 TH |p 6358.C13 |r 0000-00-00 |w 2015-01-06 |y STK0 |0 0 |6 338_100000000000000_PH_104_TH | ||
| 952 | |0 0 |1 0 |2 ddc |4 0 |6 338_100000000000000_PH_104_TH |7 0 |8 300 |9 54478 |a qbu |b qbu |c D2 |d 2015-01-06 |g 35000 |o 338.1 PH 104 TH |p 6358.C14 |r 0000-00-00 |w 2015-01-06 |y STK0 |0 0 |6 338_100000000000000_PH_104_TH | ||
| 952 | |0 0 |1 0 |2 ddc |4 0 |6 338_100000000000000_PH_104_TH |7 0 |8 300 |9 54479 |a qbu |b qbu |c D2 |d 2015-01-06 |g 35000 |o 338.1 PH 104 TH |p 6358.C15 |r 0000-00-00 |w 2015-01-06 |y STK0 |0 0 |6 338_100000000000000_PH_104_TH | ||